[Event "Centrocoop June op-B"]
[Site "Eforie Nord"]
[Date "1998.??.??"]
[Round "?"]
[White "Codirlasu, Alina"]
[Black "Cuptov, L."]
[Result "0-1"]
[WhiteElo "2050"]
[BlackElo "1750"]
[PlyCount "104"]
[EventDate "1998.06.??"]
[EventType "swiss"]
[EventRounds "11"]
[EventCountry "ROU"]
[SourceTitle "EXT 2000"]
[Source "ChessBase"]
[SourceDate "1999.11.16"]
[SourceVersion "1"]
[SourceVersionDate "1999.11.16"]
[SourceQuality "1"]

1. e4 c5 2. c3 d5 3. exd5 Qxd5 4. d4 Nf6 5. Nf3 Bg4 6. Nbd2 e6 7. Bc4 Qd8 8. Qa4+ Nbd7 9. Ne5 cxd4 10. cxd4 Bf5 11. Ndf3 a6 12. Ng5 b5 13. Bxb5 axb5 14. Qxb5 Rb8 15. Qa4 Rb4 16. Nexf7 Rxa4 17. Nxd8 Kxd8 18. Nf7+ Ke8 19. Nxh8 Rxd4 20. 0-0 Rb4 21. b3 Nd5 22. Bb2 N7f6 23. Rac1 Rb8 24. Be5 Ra8 25. a4 Ba3 26. Ra1 Bb4 27. Rfc1 Ke7 28. Rc6 Rxh8 29. a5 Kd7 30. Rcc1 Ra8 31. a6 Bd6 32. Bxd6 Kxd6 33. Rc4 Ra7 34. b4 Bd3 35. Rc8 Rxa6 36. Rac1 Nxb4 37. h3 Nbd5 38. Rd8+ Ke7 39. Rdc8 Ra2 40. Rb8 Ne4 41. Rb7+ Kf6 42. Rb8 Kf7 43. Rb7+ Kg6 44. Re1 Rxf2 45. Ra7 Re2 46. Rxe2 Bxe2 47. Kh2 Nec3 48. Rb7 e5 49. g4 e4 50. Kg3 e3 51. h4 Ne4+ 52. Kh2 Bxg4 0-1

[Event "Centrocoop June op-B"]
[Site "Eforie Nord"]
[Date "1998.??.??"]
[Round "?"]
[White "Cuptov, L."]
[Black "Razdolksky, Ilija"]
[Result "1-0"]
[WhiteElo "1750"]
[BlackElo "1650"]
[PlyCount "59"]
[EventDate "1998.06.??"]
[EventType "swiss"]
[EventRounds "11"]
[EventCountry "ROU"]
[SourceTitle "EXT 2000"]
[Source "ChessBase"]
[SourceDate "1999.11.16"]
[SourceVersion "1"]
[SourceVersionDate "1999.11.16"]
[SourceQuality "1"]

1. e4 e6 2. d3 d5 3. Nd2 Nf6 4. Ngf3 b6 5. g3 Bb7 6. Qe2 Be7 7. Bg2 c5 8. e5 Nfd7 9. 0-0 Nc6 10. Re1 Qc7 11. Nf1 0-0-0 12. c3 h6 13. d4 g5 14. Be3 Rdg8 15. N3d2 h5 16. h3 f6 17. exf6 Bxf6 18. dxc5 bxc5 19. Nb3 Ne7 20. Nxc5 Nxc5 21. Bxc5 e5 22. Bxa7 Nc6 23. Bc5 e4 24. c4 Ba6 25. Ne3 Rd8 26. Qc2 dxc4 27. Qxe4 Kb7 28. Nd5 Rxd5 29. Qxd5 Rd8 30. Qxc6+ 1-0

[Event "Centrocoop June op-B"]
[Site "Eforie Nord"]
[Date "1998.??.??"]
[Round "?"]
[White "Sonoc, Dorin"]
[Black "Cuptov, L."]
[Result "0-1"]
[WhiteElo "1900"]
[BlackElo "1750"]
[PlyCount "70"]
[EventDate "1998.06.??"]
[EventType "swiss"]
[EventRounds "11"]
[EventCountry "ROU"]
[SourceTitle "EXT 2000"]
[Source "ChessBase"]
[SourceDate "1999.11.16"]
[SourceVersion "1"]
[SourceVersionDate "1999.11.16"]
[SourceQuality "1"]

1. c4 Nf6 2. Nc3 e6 3. e4 d5 4. e5 Nfd7 5. cxd5 Nxe5 6. d4 Ng6 7. Bb5+ c6 8. dxc6 bxc6 9. Ba4 Be7 10. Qf3 0-0 11. Nge2 Bb7 12. Be3 Nh4 13. Qe4 Qc8 14. Bb3 c5 15. d5 c4 16. Qxc4 Nxg2+ 17. Kf1 Nxe3+ 18. fxe3 Bc5 19. e4 exd5 20. Nxd5 Ba6 21. Qc3 Qg4 22. Qxc5 Qxe2+ 23. Kg1 Qxe4 24. Ne7+ Kh8 25. Bd5 Qg4+ 26. Kf2 Qf4+ 27. Kg2 Nd7 28. Qa3 Qg4+ 29. Kf2 Qe2+ 30. Kg3 Ne5 31. h3 Nd3 32. Rhf1 Rae8 33. Qxa6 Rxe7 34. Qc4 Re3+ 35. Bf3 Rxf3+ 0-1

[Event "Centrocoop June op-B"]
[Site "Eforie Nord"]
[Date "1998.??.??"]
[Round "?"]
[White "Zhadko, Vladimir"]
[Black "Cuptov, L."]
[Result "1/2-1/2"]
[WhiteElo "2150"]
[BlackElo "1750"]
[PlyCount "22"]
[EventDate "1998.06.??"]
[EventType "swiss"]
[EventRounds "11"]
[EventCountry "ROU"]
[SourceTitle "EXT 2000"]
[Source "ChessBase"]
[SourceDate "1999.11.16"]
[SourceVersion "1"]
[SourceVersionDate "1999.11.16"]
[SourceQuality "1"]

1. d4 d5 2. c4 c6 3. Nc3 Nf6 4. cxd5 cxd5 5. Bf4 Nc6 6. e3 e6 7. Bd3 Bd6 8. Bg3 0-0 9. Nf3 a6 10. 0-0 Bxg3 11. hxg3 Bd7 1/2-1/2